书目信息 |
| 题名: |
乐器法手册
|
|
| 作者: | 梁广程 , 潘永璋 编 | |
| 分册: | ||
| 出版信息: | 北京 人民音乐出版社 1982.5 |
|
| 页数: | 267页 | |
| 开本: | 20cm | |
| 丛书名: | ||
| 单 册: | ||
| 中图分类: | J63 | |
| 科图分类: | ||
| 主题词: | 民族器乐--理论 , 民族乐器--奏法 | |
| 电子资源: | ||
| ISBN: | ||
| 000 | 00573nam0 2200205 45 | |
| 001 | 0312221749 | |
| 005 | 20060819103151.50 | |
| 010 | @dCNY1.60 | |
| 100 | @a20031222d1982 km y0chiy0120 ea | |
| 101 | @achi | |
| 200 | 1 | @a乐器法手册@AYue Qi Fa Shou Ce@f梁广程,潘永璋编@FLiang Guang Cheng,Pan Yong Zhang Bian |
| 210 | @a北京@c人民音乐出版社@d1982.5 | |
| 215 | @a267页@d20cm | |
| 606 | 0 | @a民族器乐@x理论 |
| 606 | 0 | @a民族乐器@x奏法 |
| 690 | @aJ63@v3 | |
| 701 | 0 | @a梁广程@4编 |
| 701 | 0 | @a潘永璋@4编 |
| 801 | @aCN@bTSTCL@c20060819 | |
| 905 | @a213230@dJ63@e10@b207981-983@f3 | |
| 乐器法手册/梁广程,潘永璋编.-北京:人民音乐出版社,1982.5 |
| 267页;20cm |
| ISBN :CNY1.60 |
| ● |
| 相关链接 |
|
|
|
|
正题名:乐器法手册
索取号:J63/10
 
预约/预借
| 序号 | 登录号 | 条形码 | 馆藏地/架位号 | 状态 | 备注 |
| 1 | 0207981 | 001238823 | 第一借阅区/ [索取号:J63/10] | 在馆 | |
| 2 | 0207982 | 001238850 | 第一借阅区/ [索取号:J63/10] | 在馆 | |
| 3 | 0207983 | 001238814 | 第一样本阅览室/ [索取号:J63/10] | 在馆 | |
| 4 | 0466847 | 204668476 | 密集书库/ [索取号:J63/10] | 在馆 |